000 00281nam a22001337a 4500
008 170922b xxu||||| |||| 00| 0 eng d
020 _a0449007830
041 _aeng
080 _a37
100 _a45
101 _aEDU
245 _aTHE SENTENCE
_cSMOLLIN,O
942 _2udc
_cBK
999 _c28969
_d28969